000 00245nam a22000857a 4500
008 150301b xxu||||| |||| 00| 0 eng d
100 1 _aJohl, Max G.
245 1 0 _aUnited States Postage Stamps of the Twentieth Century, The
_bVolume I
490 _vVolume I
999 _c2315
_d2315